000
00316 a2200145 4500
001
57185
020
_a
8576662078
040
_c
Anchieta - Pituba
100
_a
Barreto, Lima
240
1
0
_a
Miss Edith e seu tio
_l
por
245
1
0
_a
Miss Edith e seu tio
300
_a
48
650
4
_a
Literatura juvenil
942
_c
BK
999
_c
57185
_d
57185